000 00717nam a22001937a 4500
999 _c167439
_d167439
005 20190902172127.0
010 _aUR-10425
020 _c55.00
035 _aU-8980
037 _bDBAD/PUB
_a-
082 _a270.330
100 _aعلا مہ يو سف ا لقر ضا و ی
245 _aا سلا م ا و ر معا شی تحفظ
_cعلا مہ يو سف ا لقر ضا و ی
246 _bIslam Aur Maashi Tahffuz (Urdu)
_aby Allama Yusuf Al Qarzavi
260 _aNew Delhi
_bMerkazi Maktaba Islami Publishers
_c2010 ء
270 _aD-307,Dawat Nagar,Abulfazal Enclave,Jamia Ngr.
_bNew Delhi
_e110025
_k26971652
_l-
300 _a168 ص
_c22 Cm(Hb)
942 _2ddc
_cUR
_h270.330
_mی و س